Loading...
| Fine Arts - Painting and Sculpture | 0 | 6 | 0 | 0 | 60 | 61 | 80.00 | 1 | 5 | 0.00 | 0.00 |
| Fine Arts - Other | 0 | 5 | 0 | 0 | 50 | 13 | 72.00 | 2 | 4 | 0.00 | 0.00 |
| Religion | 0 | 4 | 1 | 1 | 35 | 65 | 105.25 | 0 | 1 | 0.00 | 0.00 |
| Mythology | 0 | 3 | 0 | 0 | 30 | 71 | 81.67 | 0 | 0 | 0.00 | 0.00 |
| History - European | 0 | 3 | 0 | 1 | 30 | 78 | 112.00 | 0 | 1 | 0.00 | 0.00 |
| History - American | 0 | 3 | 1 | 1 | 25 | 77 | 102.00 | 0 | 0 | 0.00 | 0.00 |
| Fine Arts - Classical Music | 0 | 2 | 0 | 0 | 20 | 73 | 91.00 | 0 | 0 | 0.00 | 0.00 |
| History - World | 0 | 2 | 0 | 1 | 20 | 128 | 134.00 | 0 | 0 | 0.00 | 0.00 |
| Literature - American | 0 | 2 | 0 | 0 | 20 | 88 | 90.50 | 0 | 0 | 0.00 | 0.00 |
| Literature - European | 0 | 3 | 2 | 0 | 20 | 78 | 88.33 | 0 | 2 | 0.00 | 0.00 |
| Literature - World | 0 | 2 | 0 | 0 | 20 | 120 | 121.50 | 0 | 0 | 0.00 | 0.00 |
| History - Other | 0 | 2 | 1 | 0 | 15 | 52 | 71.00 | 2 | 2 | 0.00 | 0.00 |
| Science - Biology | 0 | 2 | 1 | 0 | 15 | 83 | 103.50 | 0 | 0 | 0.00 | 0.00 |
| Social Science | 0 | 1 | 0 | 0 | 10 | 64 | 64.00 | 0 | 1 | 0.00 | 0.00 |
| Geography | 0 | 1 | 0 | 0 | 10 | 88 | 88.00 | 0 | 1 | 0.00 | 0.00 |
| Philosophy | 0 | 1 | 1 | 1 | 5 | 125 | 125.00 | 0 | 0 | 0.00 | 0.00 |
| Literature - British | 0 | 1 | 1 | 0 | 5 | 72 | 72.00 | 0 | 0 | 0.00 | 0.00 |